01236nam a2200313 a 4500001001200000003000800012006001900020007001500039008004100054010001700095020001500112040002100127035002100148043001200169050002700181245013100208260005100339300002400390504005100414533015200465650004300617650002900660655002900689700002200718700002200740710001700762856012600779999001700905ebr10394799CaPaEBRm u cr cn|||||||||080819s2008 ke a sb 001 0 eng  z 2008315432 z9966846980 aCaPaEBRcCaPaEBR a(OCoLC)647934360 af-ke---14aJQ2947.A56bD42 2008eb00aDecentralization and devolution in Kenyah[electronic resource] :bnew approaches /cedited by Thomas N. Kibua, Germano Mwabu. aNairobi :bUniversity of Nairobi Press,c2008. axii, 366 p. :bill. aIncludes bibliographical references and index. aElectronic reproduction.bPalo Alto, Calif. :cebrary,d2013.nAvailable via World Wide Web.nAccess may be limited to ebrary affiliated libraries. 0aDecentralization in governmentzKenya. 0aLocal governmentzKenya. 7aElectronic books.2local1 aKibua, T. Nzioki.1 aMwabu, Germano M.2 aebrary, Inc.40uhttp://site.ebrary.com/lib/rucke/Doc?id=10394799zAn electronic book accessible through the World Wide Web; click to view c88169d88169